000 nam a22 7a 4500
999 _c232651
_d232651
003 Nust
005 20170222095237.0
008 170222b xxu||||| |||| 00| 0 eng d
020 _a9780980232714
040 _aDLC
_bDLC
_cRCMS
082 _24th,ed.
_a512.5STA
100 _aStrang Gilbert
245 _aIntroduction to Linear Algebra
_cStrang Gilbert
260 _aUSA
_bWellesley -Cambridge Press
_cc2009
300 _aix, 574 p. :
_bill. ;
_c26 cm.
650 _aMathematics
856 _3Table of contents only
_uhttp://www.loc.gov/catdir/toc/ecip0716/2007017469.html
942 _2ddc
_cBK